Préfectures de France : Grenoble - Statistiques

Statistiques générales
  • Ce quiz a été pris 132 fois
    125 depuis la dernière actualisation
  • Le résultat moyen est 14 sur 25
Statistiques - réponses
Question Réponse % Correct
Quel numéro porte celui-ci ? 38
99%
De quel département est-ce la préfecture ? Isère
98%
Comment se nomment ses habitants ? Grenoblois
96%
Citez une des deux liqueurs produites dans la région Chartreuse | Génépi
89%
La ville se situe entre les massifs du/de la Chartreuse
88%
La ville appartient à l'académie de/d' Grenoble
87%
La ville appartient au diocèse de/d' Grenoble
87%
A quelle région administrative appartient la ville depuis 2015 ? Auvergne-Rhône-Alpes
84%
La ville se situe entre les massifs du/de la Vercors
83%
La ville se situe entre les massifs du/de la Belledonne
77%
Les JO y ont été organisés en 1968
74%
La couleur principale du fond du blason est l'/le/la Or | Jaune
64%
Comment sont surnommées les cabines du téléphérique de la ville Bulles
61%
Selon Stendhal, on voit au bout de chaque rue.. un/une montagne
57%
Quelles sont les sous-préfectures qui en dépendent ? Vienne
51%
Quelles sont les sous-préfectures qui en dépendent ? La Tour du Pin
43%
Quelle fleur figure sur le blason de la ville ? Rose
41%
Une célèbre marque de pâtes est née à Grenoble, laquelle ? Lustucru
33%
La cathédrale est dédiée à Notre-Dame | Vierge
26%
Les Gaulois appelaient la ville Cularo
24%
Les Romains appellent la ville Gratianopolis
23%
Le peuple gaulois qui l'occupe est celui des Allobroges
14%
La ville se situe entre les massifs du/de la Taillefer
13%
Le 1er évêque de Grenoble est (prénom) Domnin
5%
Quel saint "de glace" est un ancien évêque de Vienne ? Mamert
4%
Aucun quiz correspondant
Distribution des résultats
% des personnes avec chaque résultat
Percentile par nombre de réponses
Votre historique - résultats
Vous n’avez pas pris ce quiz depuis la dernière actualisation